The philosophy of Elizabeth Anscombe /

Bibliographic Details
Main Author: Teichmann, Roger, 1963-
Format: Book
Language:English
Published: Oxford ; New York : Oxford University Press, 2008.
Subjects:

MARC

Tag First Indicator Second Indicator Subfields
LEADER 00000cam a2200000 a 4500
001 in00002437331
005 20151109183930.0
008 080110s2008 enk b 001 0 eng
010 |a  2008000196 
020 |a 9780199299331 
020 |a 0199299331 
029 1 |a NZ1  |b 11680569 
035 |a (OCoLC)ocn191009663 
035 |a (OCoLC)191009663 
040 |a DLC  |c DLC  |d BAKER  |d BTCTA  |d BWKUK  |d YDXCP  |d BWX  |d UtOrBLW 
049 |a TXAM 
050 0 0 |a B1618.A574  |b T45 2008 
082 0 0 |a 192  |2 22 
100 1 |a Teichmann, Roger,  |d 1963- 
245 1 4 |a The philosophy of Elizabeth Anscombe /  |c Roger Teichmann. 
264 1 |a Oxford ;  |a New York :  |b Oxford University Press,  |c 2008. 
300 |a x, 244 pages ;  |c 24 cm. 
336 |a text  |b txt  |2 rdacontent 
337 |a unmediated  |b n  |2 rdamedia 
338 |a volume  |b nc  |2 rdacarrier 
504 |a Includes bibliographical references (pages [231]-241) and index. 
505 0 |a Intentional action -- Practical reason -- Ethics -- Mind and self -- Time and causality -- Language and thought. 
600 1 0 |a Anscombe, G. E. M.  |q (Gertrude Elizabeth Margaret) 
938 |a Baker & Taylor  |b BKTY  |c 90.00  |d 90.00  |i 0199299331  |n 0007744712  |s active 
938 |a Baker and Taylor  |b BTCP  |n BK0007744712 
938 |a YBP Library Services  |b YANK  |n 100495234 
938 |a Blackwell Book Service  |b BBUS  |n R5741106  |c $90.00 
945 |a PromptCat  |b 554291 
946 |a stk 
947 |a A14836679355 
994 |a 92  |b TXA 
948 |a cataloged  |b h  |d 2008/11/19  |h c  |e asalazar  |f 1:08:47 pm 
999 |a MARS 
999 f f |s 4b8ab2e2-788f-3582-a0a5-5db268fdad4e  |i 7ef8484b-9966-3be3-89d1-bb41aff043be  |t 0 
952 f f |p normal  |a Texas A&M University  |b College Station  |c Sterling C. Evans Library  |d Evans: Library Stacks  |t 0  |e B1618.A574 T45 2008  |h Library of Congress classification  |i unmediated -- volume  |m A14836679355 
998 f f |a B1618.A574 T45 2008  |t 0  |l Evans: Library Stacks